| 000 | 00383nam a2200145Ia 4500 | ||
|---|---|---|---|
| 008 | 220217s9999||||xx |||||||||||||| ||und|| | ||
| 020 | _a0-07-052846-2 | ||
| 082 | _a001 MUN | ||
| 100 |
_aMuneer, Muhamed _93346 |
||
| 245 | 0 | _aHow to prepare for the CAT | |
| 250 | _a2nd | ||
| 260 |
_aTata mcgraw hill _bNew Delhi _c2004 |
||
| 300 | _b475 | ||
| 650 | _aEXAM BOOKS/GRE/CAT/GATE | ||
| 999 |
_c173066 _d173066 |
||